[Event "Bandarabbas Blitz"]
[Site "Bandarabbas"]
[Date "2016.01.29"]
[Round "8.4"]
[White "Mirsaeidi, Farhad"]
[Black "Malakouti, Ehsan"]
[Result "0-1"]
[WhiteElo "1646"]
[BlackElo "1885"]
[PlyCount "37"]
[EventDate "2015.12.31"]
[EventType "swiss (blitz)"]
[EventRounds "9"]
[EventCountry "IRI"]
[SourceTitle "EXT 2024"]
[Source "ChessBase"]
[SourceDate "2023.10.10"]
[SourceVersion "1"]
[SourceVersionDate "2023.10.10"]
[SourceQuality "1"]

1. e4 d5 2. exd5 Nf6 3. d4 Nxd5 4. c4 Nf6 5. Nc3 Bf5 6. Bf4 c6 7. h3 e6 8. c5 Be7 9. Nf3 0-0 10. Nh4 b6 11. Nxf5 exf5 12. b4 a5 13. cxb6 Bxb4 14. Rc1 Qxb6 15. Be2 Ne4 16. Qd3 Nxc3 17. Rxc3 Bxc3+ 18. Qxc3 Qb1+ 19. Bc1 0-1